| 000 | 00649nam a2200217Ia 4500 | ||
|---|---|---|---|
| 008 | 160517s9999 xx 000 0 und d | ||
| 050 | _aBF 1 | ||
| 050 | _b.D332 2015 | ||
| 100 | _aDela Cruz, Khorina Joy B. | ||
| 245 | _aPerceived organizational support and commitment of selected private secondary teachers in Parañaque city/ | ||
| 245 | _cKhorina Joy B. Dela Cruz. | ||
| 260 | _aLas Piñas, Philippines : | ||
| 260 | _bSISC, | ||
| 260 | _c2015. | ||
| 300 | _a104 pages : | ||
| 300 | _billustrations ; | ||
| 300 | _c28 cm. | ||
| 500 | _aIncludes bibliographical references and appendices. | ||
| 521 | _aPsychology | ||
| 942 | _cTH | ||
| 999 |
_c294011 _d294011 |
||